[Event "Amber-blindfold 09th"]
[Site "Monte Carlo"]
[Date "2000.03.23"]
[Round "7"]
[White "Piket, Jeroen"]
[Black "Anand, Viswanathan"]
[Result "1/2-1/2"]
[WhiteElo "2633"]
[BlackElo "2769"]
[Annotator "Huebner,R"]
[PlyCount "51"]
[EventDate "2000.03.16"]
[EventType "tourn (rapid)"]
[EventRounds "11"]
[EventCountry "MNC"]
[EventCategory "18"]
[SourceTitle "CBM 076"]
[Source "ChessBase"]
[SourceDate "2000.05.31"]
[SourceVersion "1"]
[SourceVersionDate "2000.05.31"]
[SourceQuality "1"]

1. d4 d5 2. c4 c6 3. Nf3 Nf6 4. Nc3 dxc4 5. a4 Bf5 6. e3 e6 7. Bxc4 Bb4 8. O-O
O-O 9. Qe2 Ne4 {Huebner,R: 'Dieser Zug wurde erstmals in der 17. Partie des
Weltmeisterschaftskampfes 1937 von Aljechin gegen Euwe angewandt. Danach wurde
er einige Male ausprobiert, ist aber heute fast in Vergessenheit geraten,
vielleicht zu Unrecht; er mag zum Ausgleich genügen.'} 10. Bd3 Bxc3 11. bxc3
Nxc3 12. Qc2 Bxd3 13. Qxd3 Nd5 14. Rb1 b6 15. Ba3 Re8 16. Rfc1 a5 {Huebner,R:
'Das spielte auch Aljechin; seither wurde der Zug nicht mehr probiert.
Offenbar schreckte der rasche Verlust Aljechins alle davon ab, sein Verfahren
nachzuahmen. Ich stelle kurz zusammen, was es sonst an Beispielen aus der
Praxis gibt:'} (16... Nf6 17. Ne5 (17. e4 e5 (17... c5 18. e5 Nd5 (18... Nfd7
19. d5 $16) 19. dxc5 bxc5 20. Bxc5 Nd7 21. Bd6 {überläßt Weiß einigen Vorteil.}
) 18. Rd1 exd4 19. e5 {geschah in der Partie Najdorf,M-Liebstein,A, Mar del
Plata 1944; statt mit} Nd5 20. Qxd4 Nd7 {eine völlig befriedigende Stellung
aufzubauen, zog Schwarz 19...c5? und verlor.}) 17... Qd5 18. Qc3 (18. Qc2 c5
19. Rb5 a6 (19... Na6 $5 {kommt auch in Betracht.}) 20. Rxb6 cxd4 21. exd4 Qxd4
22. Qc7 Nbd7 {gewährte dem Schwarzen bequemen Ausgleich in der Partie Marini,
L-Rosetto,H, Mar del Plata (zt) 1951.}) 18... Ne4 19. Qb2 f6 20. Nc4 Rd8 21. f3
Ng5 {mit unklarer Lage, Rotunno,E-Petrovs,V, Buenos Aires (ol) 1939. Ein
klarer Vorteil ist für Weiß nach 16...Sf6 keineswegs ersichtlich.}) (16... f6
17. e4 Nf4 18. Qe3 Ng6 19. h4 {ist ein neuerer Versuch:
Polugaevskij-Romanishin, UdSSR ch Tbilisi 1978. Die von Moiseev vorgeschlagene
Fortsetzung} Nh8 {nebst Sh8-f7 trifft meinen Geschmack eher als der Partiezug
19...h5?, doch gefällt mir der Zug 16...f6 ohnehin nicht.}) 17. Ne5 Qc7 {
Huebner,R: 'Dies ist ein neuer Zug. In der Partie Euwe,M-Aljechin,A, 17.
Partie des Weltmeisterschaftskampfes 1937, folgte'} (17... Nb4 18. Bxb4 axb4
19. Nxc6 Nxc6 20. Rxc6 {Euwe-Alekhine. Hague match 1937} e5 $2 (20... Rxa4 21.
Qb5 Ra5 22. Qxb4 e5 23. Rxb6 Ra8 {hätte dem Schwarzen viel bessere
Remisaussichten gewährt.}) 21. Rxb4 exd4 22. Rxd4 Qb8 23. Qb5 {und Weiß gewann.
}) 18. e4 {Huebner,R: 'Danach kann Schwarz ohne Schwierigkeiten ausgleichen.
Gewinnversuche müssen mit 18.Dc4 oder 18.Db3 beginnen.'} Nb4 19. Bxb4 axb4 20.
Rxb4 c5 21. Qb5 (21. Qb1 $2 {Petursson} Nc6 $1 $17 {Tukmakov-Petursson,
Winnipeg 1994}) 21... Nc6 {Huebner,R: 'Petursson: !='} 22. Qxb6 Qxb6 23. Rxb6
Nxe5 {Hier wurde die Partie Gligoric-Petursson, Reykjavik 1995, remis gegeben.}
24. dxe5 Rxa4 25. Rc6 (25. f3 g5 26. Rxc5 Ra2 27. Rcb5 Kg7 28. Rb2 Rxb2 29.
Rxb2 Rc8 $10) 25... Rxe4 26. R6xc5 1/2-1/2

[Event "Amber-blindfold 09th"]
[Site "Monte Carlo"]
[Date "2000.03.28"]
[Round "11"]
[White "Gelfand, Boris"]
[Black "Anand, Viswanathan"]
[Result "1/2-1/2"]
[WhiteElo "2692"]
[BlackElo "2769"]
[Annotator "Lutz,C"]
[PlyCount "74"]
[EventDate "2000.03.16"]
[EventType "tourn (rapid)"]
[EventRounds "11"]
[EventCountry "MNC"]
[EventCategory "18"]
[SourceTitle "CBM 076"]
[Source "ChessBase"]
[SourceDate "2000.05.31"]
[SourceVersion "1"]
[SourceVersionDate "2000.05.31"]
[SourceQuality "1"]

1. d4 d5 2. c4 c6 3. Nc3 Nf6 4. e3 e6 5. Nf3 Nbd7 6. Qc2 Bd6 7. b3 O-O 8. Bb2
Qe7 9. Be2 dxc4 10. bxc4 e5 11. O-O Re8 12. Rfe1 e4 13. Nd2 Nf8 14. f3 exf3 15.
Bxf3 Ng4 16. Nf1 Qg5 17. e4 (17. c5 $5 Bc7 18. e4 Ne6 19. Ne2 Bxh2+ 20. Nxh2
Qe3+ 21. Kh1 Nf2+ 22. Kg1 Nxe4+ 23. Kh1 Nf2+ 24. Kg1 Nd3+ 25. Kh1 {1/2-1/2
Agdestein,S-Tal,M/Taxco 1985/IZT (25)}) 17... Ne6 18. Rad1 $146 (18. e5 Nxd4 $1
19. exd6 Bd7 20. Rxe8+ $2 (20. Qd2 Qc5 21. Kh1 Ne2 22. Rxe2 Rxe2 23. Nxe2 Nf2+
24. Kg1 Nh3+ 25. Kh1 Nf2+ $11 {Van der Wiel,J}) 20... Rxe8 21. Ne4 $2 Nxf3+ 22.
gxf3 Rxe4 23. fxg4 Rxg4+ 24. Ng3 h5 25. Re1 h4 26. Re5 Qh6 27. Qc1 Qxd6 28. c5
Qd3 29. Re3 Qd5 30. Re5 Qxa2 31. Qd2 hxg3 32. h3 Rg6 33. h4 Qb1+ 34. Re1 Qf5
35. Re5 Qh3 36. Rg5 Rxg5 37. hxg5 Be6 {0-1 Portisch,L-Van der Wiel,J/Tilburg
1988/CBM 09 (37)}) 18... Nxd4 $5 19. Rxd4 Nxh2 20. Nxh2 Bxh2+ 21. Kf1 (21. Kxh2
$2 Qh4+ 22. Kg1 Qxe1+) 21... Be5 22. Rd3 Be6 23. Ne2 {Wenn Weiß am Pc4 klebt,
muss er riskieren, die Qualität zu verlieren.} (23. Nd1 Bg3 24. Ree3 (24. Re2
b5 25. cxb5 cxb5 26. Ne3 Qh4 $17) (24. Nf2 b5) 24... Bf4 25. Re2 (25. Re1 Bg3
$11) 25... b5) 23... Bxb2 24. Qxb2 Bxc4 25. Rd7 b5 26. Kf2 Qc5+ 27. Qd4 Qb6 28.
Qxb6 axb6 $11 29. Rb7 Bxa2 30. Rxb6 Rab8 31. Rxb8 Rxb8 32. Ra1 Bc4 33. Nd4 c5
34. Nc6 Re8 35. Rc1 g6 36. e5 Kg7 37. Kg3 Ra8 1/2-1/2

[Event "Amber-rapid 09th"]
[Site "Monte Carlo"]
[Date "2000.03.16"]
[Round "1"]
[White "Ljubojevic, Ljubomir"]
[Black "Anand, Viswanathan"]
[Result "1/2-1/2"]
[WhiteElo "2559"]
[BlackElo "2769"]
[PlyCount "52"]
[EventDate "2000.03.16"]
[EventType "tourn (rapid)"]
[EventRounds "11"]
[EventCountry "MNC"]
[EventCategory "18"]
[SourceTitle "CBM 076"]
[Source "ChessBase"]
[SourceDate "2000.05.31"]
[SourceVersion "1"]
[SourceVersionDate "2000.05.31"]
[SourceQuality "1"]

1. d4 Nf6 2. c4 g6 3. Nc3 d5 4. cxd5 Nxd5 5. g3 Bg7 6. Bg2 Nxc3 7. bxc3 O-O 8.
Nf3 c5 9. O-O cxd4 10. cxd4 Nc6 11. Rb1 Be6 12. Qa4 Bd5 13. Re1 Nxd4 14. Nxd4
Bxg2 15. Kxg2 Qxd4 16. Qxd4 Bxd4 17. Rxb7 Bc5 18. Rd1 Rfb8 19. Rdd7 Rxb7 20.
Rxb7 Rc8 21. Bf4 f6 22. Kf3 Kf7 23. Be3 Bxe3 24. fxe3 a5 25. Rb5 a4 26. Rb4 a3
1/2-1/2

[Event "Amber-rapid 09th"]
[Site "Monte Carlo"]
[Date "2000.03.21"]
[Round "5"]
[White "Anand, Viswanathan"]
[Black "Lautier, Joel"]
[Result "1-0"]
[WhiteElo "2769"]
[BlackElo "2632"]
[Annotator "Ftacnik,L"]
[PlyCount "67"]
[EventDate "2000.03.16"]
[EventType "tourn (rapid)"]
[EventRounds "11"]
[EventCountry "MNC"]
[EventCategory "18"]
[SourceTitle "CBM 076"]
[Source "ChessBase"]
[SourceDate "2000.05.31"]
[SourceVersion "1"]
[SourceVersionDate "2000.05.31"]
[SourceQuality "1"]

1. e4 c5 2. Nf3 d6 3. d4 cxd4 4. Nxd4 Nf6 5. Nc3 a6 6. f3 e6 7. Be3 b5 8. g4 h6
9. Qd2 Nbd7 10. O-O-O Bb7 11. Bd3 Ne5 12. Rhe1 b4 13. Na4 d5 14. exd5 Nxd5 15.
f4 (15. Bf2 Bd6 16. Bf5 O-O 17. Nxe6 fxe6 18. Bxe6+ Kh8 19. Bxd5 Nxf3 20. Bxf3
Bxf3 21. Bb6 Bxd1 22. Bxd8 Raxd8 23. Qxd1 Bf4+ $15 {Hjartarsson,J-Kasparov,G/
Thessaloniki olm/1988/0,5}) 15... Qd7 (15... Nxg4 16. Nxe6 fxe6 17. Bg6+ Kd7
18. Bd4 Bd6 19. Qe2 Ngf6 (19... Nxf4 $5 20. Qxg4 Qg5 21. Qxg5 hxg5 22. Nb6+ Ke7
23. Nxa8 Nxg6 24. Nb6 Rxh2 $132) 20. Nc5+ Bxc5 21. Qxe6+ Kc7 22. Bxc5 Qd7 23.
Qe5+ Kc6 24. Bxb4 {1-0 Fedorov,A-Novikov,I/Nikolaev/1995/ (40)}) (15... Nxd3+
16. Qxd3 Qd7 17. Qb3 Bd6 18. Nf5 O-O 19. Nb6 Qc7 20. Nxa8 Rxa8 21. Nxd6 Qxd6
22. f5 {1-0 Magem Badals,J-Vera,R/Terrasa/1995/ (52)}) (15... Qa5 16. b3 Nxd3+
17. Qxd3 O-O-O 18. Nxe6 fxe6 19. Bb6 {1/2-1/2 Korneev,O-Vorobiov,E/Maikop/1998/
(19)}) 16. b3 (16. fxe5 $6 Qxa4 17. Bc4 Nxe3 18. Qxe3 (18. Nb5 $2 Qxc2+ 19.
Qxc2 Nxc2 20. Kxc2 Rc8 $17) 18... Bc5) 16... Nxg4 (16... Nxd3+ 17. Qxd3 O-O-O
18. f5 $6 (18. Nf3 $5 Qc7 19. Ne5 $40) 18... e5 19. Nf3 Qc7 (19... f6 20. Bb6
Re8 21. Nh4 (21. Nd2 Qb5 22. Ne4 Be7 23. Qc4+ Qxc4 24. bxc4 Nxb6 25. Nxb6+ Kc7
26. Nd5+ Bxd5 27. Rxd5 {1-0 Svetushkin,D-Vorobiov,E/Kiev/2000/ (64)}) 21... Qb5
22. Ng6 Rg8 23. Nxf8 Rgxf8 24. Bc5 Rf7 25. h3 Rc7 {1/2-1/2 Korneev,O-Herrera,I/
La Coruna/1999/ (28)}) 20. Nxe5 Qxe5 21. Nb6+ Kb8 22. Nd7+ (22. Nxd5 $1 Rxd5
23. Ba7+ Kxa7 24. Rxe5 Rxd3 25. Rxd3 $14) 22... Rxd7 23. Ba7+ Kxa7 24. Rxe5 Bc5
$15 {0-1 Kolev,A-Georgiev,K/Elenite/1995/ (57)}) 17. Nb6 $5 $146 {[%mdl 8]
Anand has prepared a spectacular novelty in one of many sharp lines of the
fascinating concept Be3,f3,g4 for white.} (17. Nxe6 Ngxe3 (17... fxe6 18. Bg6+
Kd8 19. Nb6 $40) 18. Nb6 (18. Rxe3 Nxe3 19. Bb5 Bc6 20. Qxe3 $18) 18... Qxe6
19. Nxd5 O-O-O 20. Rxe3 Qd6 (20... Qxd5 21. Bf5+ Kb8 22. Rd3 Qxf5 23. Rxd8+ Ka7
24. Kb1 $15) 21. Bc4 Bxd5 22. Bxd5 Qf6 23. Bb7+ {1/2-1/2 Magem Badals,
J-Savchenko,S/Metz/1999/ (23)}) (17. Bg1 $2 Bd6) (17. f5 e5 18. Bf4 Be7 19.
Bxe5 Nxe5 20. Rxe5 O-O 21. Rg1 Bf6 22. Qxh6 Bxe5 23. f6 Bf4+ 24. Qxf4 Nxf4 25.
Rxg7+ Kh8 26. Rh7+ {1/2-1/2 De la Villa Garcia,J-Novikov,I/Saint Vincent/1999/
(26)}) 17... Nxb6 (17... Qd8 18. Nxe6 fxe6 19. Bg6+ $1 (19. Bd4 $2 Bd6 $1 $15)
19... Ke7 20. Bd4 $40) 18. Nxe6 Nd5 (18... Nxe3 19. Qxe3 fxe6 20. Bg6+ Ke7 21.
Rxd7+ $18) (18... fxe6 19. Bxb6 Bd5 20. Bg6+ Ke7 21. f5 $18) 19. Nc5 Bxc5 (
19... Qc7 20. Bd4+ Be7 21. Nxb7 Qxb7 22. Qg2 Qd7 23. Bc4 $18) 20. Bxc5+ Kd8 21.
Bxb4 (21. Bc4 $6 Ngf6 22. Bxb4 Kc8 $15) 21... Kc8 (21... Nxb4 $2 22. Qxb4 $18)
22. Ba5 Ngf6 (22... Kb8 23. c4 Nc7 24. Qb4 Nf2 25. Be4 $18) 23. c4 Nc7 24. Qb4
{White has only got one pawn for his piece, but black forces are not
coordinated, rooks do not play at all and the king is vulnerable.} Qc6 (24...
Re8 25. Rxe8+ Nfxe8 26. Qc5 g6 27. Bxg6 Qxd1+ 28. Kxd1 fxg6 29. f5 gxf5 30.
Qxf5+ $18) 25. Bf5+ Kb8 26. Rd6 $1 Qf3 27. Bxc7+ Kxc7 28. Re7+ Kb8 29. Rxb7+ (
29. Rxf7 $6 Re8) 29... Qxb7 30. Rb6 {The rest is quite easy, since black
pieces are still not connected.} Ra7 31. Qd6+ Ka8 32. Rxb7 Kxb7 (32... Rxb7 33.
Qxa6+ Kb8 34. Qd6+ $18) 33. Bh3 Re8 34. c5 1-0

[Event "Amber-rapid 09th"]
[Site "Monte Carlo"]
[Date "2000.03.22"]
[Round "6"]
[White "Topalov, Veselin"]
[Black "Anand, Viswanathan"]
[Result "1/2-1/2"]
[WhiteElo "2702"]
[BlackElo "2769"]
[Annotator "Finkel,A"]
[PlyCount "64"]
[EventDate "2000.03.16"]
[EventType "tourn (rapid)"]
[EventRounds "11"]
[EventCountry "MNC"]
[EventCategory "18"]
[SourceTitle "CBM 076"]
[Source "ChessBase"]
[SourceDate "2000.05.31"]
[SourceVersion "1"]
[SourceVersionDate "2000.05.31"]
[SourceQuality "1"]

1. e4 e6 2. d4 d5 3. Nc3 dxe4 4. Nxe4 Nd7 5. Nf3 Ngf6 6. Bg5 Be7 7. Nxf6+ Bxf6
8. h4 O-O (8... h6 9. Bxf6 Qxf6 10. Qd2 $14 {Die eingeschobenen Züge h4 und h6
begünstigen Weiß, denn im Falle der kurzen schwarzen Rochade gibt es mit
g2-g4-g5 einen klaren und starken Plan.}) 9. Bxf6 {Possible continuation,
however promising nothing to white.The main line is considered to be 9.Qd2.} (
9. Qd2 Qe7 (9... e5 10. Bxf6 $1 (10. dxe5 Nxe5 11. Qxd8 Nxf3+ $10) 10... Qxf6
11. O-O-O exd4 (11... e4 12. Ng5 $16 {>< Pe4}) 12. Qxd4 Qxd4 13. Rxd4 {Weiß
hat nur einen winzigen Vorteil, aber die einzigen Partien mit diesem Endspiel
endeten beide 1-0.} Nf6 (13... Re8 14. Bc4 Nb6 15. Re1 Bd7 16. Bb3 Rxe1+ 17.
Nxe1 Kf8 18. Nd3 $14 {Brodsky,M-Doroshkievich,V/Rostov op 1993}) 14. Bc4 a6 15.
Re1 b5 16. Bd5 $14 {Morovic Fernandez,I-Nogueiras,J/Capablanca mem-A 1996}) 10.
O-O-O Rd8 11. Qe3 b6 12. Bd3 Bb7 13. Ne5 Rac8 14. Kb1 h6 15. f4 $36 {Weinzettl,
E-Rohler,S/Graz op 1994}) (9. Bd3 c5 10. c3 cxd4 11. cxd4 e5 $1 12. Qc2 $2 h6
13. Bxf6 Qxf6 14. Ng5 exd4 $17 {Pinkas,K-Schmidt,W/POL-ch 1993}) 9... Qxf6 10.
Qe2 $5 {Preventing e5,but closing to the bishop the way out.} (10. Qd2 e5 (
10... c5 11. O-O-O cxd4 12. Nxd4 e5 13. Nf3 $14) 11. O-O-O exd4 12. Qxd4 Qxd4
13. Nxd4 Nf6 14. Be2 Bg4 $11) 10... b6 11. Qe4 Rb8 12. Bd3 g6 13. Ne5 (13. Qc6
$6 Qd8 14. Ne5 Nxe5 15. dxe5 Bb7 16. Qc3 Bxg2 17. Rg1 Bf3 $17) 13... c5 14. Bb5
{Making black to take on e5.Doesn't work} (14. h5 $2 cxd4 15. Ng4 Qg5 16. hxg6
hxg6 17. Nh6+ Kg7 18. Qxd4+ Nf6 $19 {[%csl Rh6][%cal Gf8h8] and white knight
is trapped on h6.}) 14... Nxe5 15. Qxe5 (15. dxe5 Bb7 16. Qe2 (16. Qe3 Qf5)
16... Qf4 17. g3 Qf3 $15) 15... Qxe5+ 16. dxe5 Bb7 $11 {At this stage a draw
agreement could come,but we must not forget that we are talking about not
'conventional' chess...} 17. O-O Rfd8 18. Rfd1 Kf8 19. f3 ({After} 19. f4 $5
$11 {the game would end up quicker.}) 19... Ke7 20. Kf2 Rd5 21. c4 $5 Rxe5 (
21... Rdd8 $11) 22. Rd7+ Kf6 23. Rad1 a6 24. Rc7 $5 (24. Ba4) 24... axb5 (24...
Bxf3 $5 25. Rdd7 Rf8 26. gxf3 axb5 27. cxb5 Rh5 28. Kg3 (28. Rb7 Rxh4 29. Rxb6
Ra8 $1 $17) 28... g5 29. hxg5+ Rxg5+ 30. Kh2 h5 31. Rb7 Ke5 $13) 25. Rdd7 {
[%csl Rb7,Rf7] Winning back the bishop.} Rf8 26. Rxb7 bxc4 27. Rxb6 Rh5 28. g3
g5 29. hxg5+ Rxg5 30. a4 Ra8 31. Rbb7 Rg7 32. Rdc7 Rxa4 1/2-1/2

[Event "Amber-rapid 09th"]
[Site "Monte Carlo"]
[Date "2000.03.23"]
[Round "7"]
[White "Anand, Viswanathan"]
[Black "Piket, Jeroen"]
[Result "1-0"]
[WhiteElo "2769"]
[BlackElo "2633"]
[Annotator "Wedberg,T"]
[PlyCount "91"]
[EventDate "2000.03.16"]
[EventType "tourn (rapid)"]
[EventRounds "11"]
[EventCountry "MNC"]
[EventCategory "18"]
[SourceTitle "CBM 076"]
[Source "ChessBase"]
[SourceDate "2000.05.31"]
[SourceVersion "1"]
[SourceVersionDate "2000.05.31"]
[SourceQuality "1"]

1. e4 e5 2. Nf3 Nc6 3. Bb5 a6 4. Ba4 Nf6 5. O-O Be7 6. Re1 b5 7. Bb3 d6 8. c3
O-O 9. h3 Nb8 10. d4 Nbd7 11. Nbd2 Bb7 12. Bc2 Re8 13. Nf1 Bf8 14. Ng3 g6 15.
a4 c5 16. d5 Nb6 {Considered inferior to} (16... c4 {which is the often played
main line.}) 17. Qe2 {The crucial reply increasing the pressure against b5.}
Nxa4 18. Bxa4 bxa4 19. Rxa4 {White´s basic strategy here is to play b4 after
due preparation. The pressure on the a-file can achieve little in itself.} Bc8
{Blacks only real counter play is to play f5 at some point.} (19... Nd7 20. c4
(20. b3 Bc8 21. Ra3 Rb8 22. c4 Nf6 23. Bd2 Bg7 24. Rb1 Re7 25. Ne1 Qf8 26. Nd3
Bh6 27. Ba5 Reb7 28. b4 $36 {0-1 Sigurjonsson,G-Cuellar Gacharna,M/Bogota 1978/
EXT 98 (50)}) 20... Nb6 21. Ra3 Bc8 22. Bd2 Rb8 23. Rb1 Nd7 24. Ne1 Qh4 25. Qd3
h6 26. Qc2 Kh7 27. Re3 Qd8 28. Nd3 Be7 29. Rf3 Rf8 30. b4 $36 {1-0 De Firmian,
N-Kovacs,L/Copenhagen 1984/EXT 2000 (41)}) 20. Be3 $146 {[%mdl 8] This seems
to be a clear refinement over previous ways of playing the position.} (20. b3
Re7 (20... Rb8 21. Ra3 Re7 22. c4 Reb7 23. Qc2 Ne8 24. Bd2 Ng7 25. Nh2 f5 $132
{1-0 Karpov,A-Smejkal,J/Moscow 1977/EU-chT (52)}) 21. Bg5 Bg7 22. Qe3 Qf8 23.
Qd3 h6 24. Bd2 Nh7 25. c4 Rb7 {1/2-1/2 Balashov,Y-Smejkal,J/Leningrad 1977/MCL
(25)}) (20. Bd2 a5 $2 {On a5 the P is a real attackable weakness.} 21. b4 cxb4
22. cxb4 Ba6 23. b5 Bc8 24. Rea1 $16 {1/2-1/2 Tal,M-Vogt,L/Leningrad 1977/MCL 
(46)}) (20. c4 Rb8 21. Ra2 Bg7 22. Bd2 Re7 23. Rb1 Reb7 24. Ne1 Rb3 $13 {
1/2-1/2 Chiburdanidze,M-Reshevsky,S/Vilnius 1978/MCD (57)}) (20. c4) 20... Rb8
21. Rea1 Re7 22. R4a2 Reb7 23. Qc2 Ne8 24. Nd2 {Anand´s new way of playing the
position after Black´s 20:th move makes a lot of sense. By waiting with the
P-moves b3 and c4 he has created the new option Nc4-a5-c6.} Qh4 25. Rb1 (25.
Nc4 $2 f5 $1 $40) 25... Ng7 26. Rxa6 $1 {With Black ready to attack with f5,
Anand decides to go into a slightly better endgame.} Rxb2 27. Rxb2 Rxb2 28.
Qxb2 Bxa6 29. Qb6 Bd3 (29... Bc8 30. Nc4 $14) 30. c4 f5 31. Nf3 Qe7 32. Qb3
fxe4 33. Ng5 Nf5 34. N3xe4 Bxe4 35. Nxe4 $14 {The strong N on e4 gives White a
slight advantage.} Qh4 (35... h6) 36. Qd3 Qd8 $6 (36... Bh6 $142 {It is
important to exchange the weak B.}) 37. g4 $1 Nxe3 38. Qxe3 $16 {Black´s
position is quite difficult now. No activity and a lot of weaknesses.} Be7 39.
Kg2 Kg7 40. Qb3 Qc7 41. Qb5 Kf7 42. Qc6 $1 Qd8 (42... Qxc6 43. dxc6 Ke8 44. Nc3
$16 {[%cal Yc3d5]}) 43. Qb7 Ke8 44. Nc3 Qa5 45. Nb5 Qe1 46. Qc8+ (46. Qc8+ Kf7
47. Qe6+ Kf8 48. Nxd6 $18) 1-0

[Event "Amber-rapid 09th"]
[Site "Monte Carlo"]
[Date "2000.03.27"]
[Round "10"]
[White "Ivanchuk, Vassily"]
[Black "Anand, Viswanathan"]
[Result "1-0"]
[WhiteElo "2709"]
[BlackElo "2769"]
[PlyCount "99"]
[EventDate "2000.03.16"]
[EventType "tourn (rapid)"]
[EventRounds "11"]
[EventCountry "MNC"]
[EventCategory "18"]
[SourceTitle "CBM 076"]
[Source "ChessBase"]
[SourceDate "2000.05.31"]
[SourceVersion "1"]
[SourceVersionDate "2000.05.31"]
[SourceQuality "1"]

1. e4 c6 2. d4 d5 3. Nd2 dxe4 4. Nxe4 Nd7 5. Bc4 Ngf6 6. Ng5 e6 7. Qe2 Nb6 8.
Bb3 h6 9. N5f3 c5 10. Bf4 Nbd5 11. Be5 Qa5+ 12. Nd2 cxd4 13. Ngf3 Be7 14. Nxd4
O-O 15. O-O Bd7 16. c3 Qb6 17. Bc2 Rac8 18. N2f3 Rfd8 19. Rad1 Bf8 20. Rfe1 Be8
21. Bb3 a5 22. a3 a4 23. Ba2 Bd7 24. h3 Ne7 25. Bb1 Ne8 26. Bg3 Nf6 27. Ne5 Be8
28. Ba2 Ned5 29. Rd2 g5 30. Ng4 Bg7 31. Nxf6+ Nxf6 32. Be5 Rc5 33. Qf3 Nd5 34.
Bxg7 Kxg7 35. h4 Nf4 36. hxg5 hxg5 37. Qe3 Rdc8 38. Bb1 Bc6 39. g3 Rh8 40. Nxc6
Qxc6 41. Be4 Nh3+ 42. Kg2 Qc7 43. Qd4+ Qe5 44. Bf3 Qxd4 45. cxd4 Rb5 46. Bg4 f5
47. Bxh3 g4 48. Bxg4 fxg4 49. Rxe6 Rbh5 50. Re4 1-0

[Event "Amber-rapid 09th"]
[Site "Monte Carlo"]
[Date "2000.03.28"]
[Round "11"]
[White "Anand, Viswanathan"]
[Black "Gelfand, Boris"]
[Result "1/2-1/2"]
[WhiteElo "2769"]
[BlackElo "2692"]
[Annotator "Ftacnik,L"]
[PlyCount "66"]
[EventDate "2000.03.16"]
[EventType "tourn (rapid)"]
[EventRounds "11"]
[EventCountry "MNC"]
[EventCategory "18"]
[SourceTitle "CBM 076"]
[Source "ChessBase"]
[SourceDate "2000.05.31"]
[SourceVersion "1"]
[SourceVersionDate "2000.05.31"]
[SourceQuality "1"]

1. e4 c5 2. Nf3 d6 3. d4 cxd4 4. Nxd4 Nf6 5. Nc3 a6 6. f3 e6 7. Be3 b5 8. g4 h6
9. Qd2 Nbd7 10. O-O-O Bb7 11. h4 b4 12. Na4 Qa5 13. b3 Nc5 14. a3 Rc8 $5 $146 {
[%mdl 8] Gelfand has found a great novelty, that overtakes the initiative at a
cost of a mere pawn.} (14... Nxa4 15. axb4 Qc7 16. bxa4 d5 17. e5 Nd7 18. f4)
15. Qxb4 (15. axb4 $2 Nxb3+ 16. Nxb3 Qxa4 $17) 15... Qc7 16. Nxc5 (16. Kb1 $6
Ncd7 17. Qd2 d5 $15) 16... dxc5 17. Qa4+ Nd7 (17... Qd7 $2 18. Nb5 Qc6 19. Qa5
$18) 18. Ne2 (18. Nxe6 fxe6 19. Bxa6 Ra8 20. Rxd7 Qxd7 21. Bb5 Rxa4 22. Bxd7+
Kxd7 23. bxa4 Bd6 $15) 18... c4 $1 (18... Bc6 19. Qxa6 (19. Qc4 $6 Ne5 20. Qc3
(20. Qxa6 $2 Ra8 $19) 20... Nxf3 21. Bf4 Qb7 $15) 19... Ra8 20. Qd3 Rxa3 21.
Bg2 $15) 19. b4 (19. Qxc4 $2 Qxc4 20. bxc4 Bxa3+ $17) 19... Bc6 20. Qxa6 Ra8
21. Qxc4 Rxa3 22. Bf4 (22. Bd4 Qb7) (22. b5 $2 Ne5 $19) 22... Qb7 23. c3 Bb5 (
23... Ba4 24. Kb2 $1 (24. Rd2 $2 Bb5 25. Qd4 Ra1+ 26. Kc2 Qa6 $19) 24... Rb3+
25. Qxb3 Bxb3 26. Kxb3 Be7 $13) 24. Qd4 Ra2 $1 (24... Ra1+ 25. Kd2 Ra3 26. Ng3
$16) 25. Kb1 $1 {White king must become worried about his future, Anand finds
an elegant way out.} (25. Ng3 Qa8 $1 26. Bxb5 Qa3+ 27. Kb1 Qb2#) 25... Qa8 26.
Nc1 (26. c4 Qa4 27. Rd2 Qb3+ 28. Kc1 Qa3+ $15) 26... Ra1+ 27. Kc2 (27. Kb2 $2
Qa3+ 28. Kc2 Ba4+ 29. Kd2 e5 30. Bxe5 Bxd1 31. Bb5 Qxc1+ 32. Kd3 Be2+ 33. Kxe2
Ra2+ 34. Kd3 Rd2+ 35. Ke3 Rd1+ 36. Ke2 Qc2+ $19) 27... Ba4+ 28. Kd2 Bxd1 29.
Bb5 $1 {After this move white will be able to claim compensation for the lost
exchange.} Qb7 (29... Qa7 30. Qxa7 Rxa7 31. Rxd1 $16) 30. Bxd7+ Qxd7 31. Qxd7+
Kxd7 32. Rxd1 Be7 (32... h5 33. g5 Be7 $13) 33. h5 Rc8 (33... Rc8 34. Kc2+ Kc6
$13) 1/2-1/2

[Event "Chess@iceland-B"]
[Site "Kopavogur"]
[Date "2000.04.01"]
[Round "3"]
[White "Stefansson, Hannes"]
[Black "Anand, Viswanathan"]
[Result "1/2-1/2"]
[WhiteElo "2566"]
[BlackElo "2769"]
[PlyCount "66"]
[EventDate "2000.04.01"]
[EventType "rapid"]
[EventRounds "5"]
[EventCountry "ISL"]
[EventCategory "15"]
[SourceTitle "EXT 2001"]
[Source "ChessBase"]
[SourceDate "2000.11.22"]
[SourceVersion "1"]
[SourceVersionDate "2000.11.22"]
[SourceQuality "1"]

1. e4 c6 2. d4 d5 3. Nd2 dxe4 4. Nxe4 Nd7 5. Nf3 Ngf6 6. Ng3 c5 7. dxc5 e6 8.
c3 Bxc5 9. Bd3 Qc7 10. O-O O-O 11. Qe2 b6 12. Ne4 Bb7 13. Bg5 Nxe4 14. Bxe4
Rfe8 15. Rad1 Nf8 16. Bh4 Ng6 17. Bg3 Qc8 18. Ne5 Nxe5 19. Bxe5 Bxe4 20. Qxe4
Rd8 21. Qg4 Bf8 22. Rxd8 Qxd8 23. Rd1 Qe8 24. Qd4 f6 25. Bc7 Qf7 26. Qd7 Re8
27. Qxf7+ Kxf7 28. Rd7+ Re7 29. Rxe7+ Bxe7 30. a4 Ke8 31. Bb8 a6 32. Kf1 Kd7
33. Bf4 e5 1/2-1/2